000
00313nam a2200133Ia 4500
008
221030s9999 xx 000 0 und d
041
_a
English
082
_a
105.23
100
_a
E. P. DeGarmo
245
0
_a
Materials & processes in Manufacturing
_c
by E. P. DeGarmo
260
_c
0
650
_a
B
942
_c
BK
999
_c
13391
_d
13391